000 00390nam a22001697a 4500
005 20160627144018.0
008 160627b xxu||||| |||| 00| 0 eng d
020 _a81-85288-31-3
041 _aeng
082 _b10484
100 _aLangensecheidt
_92941
245 _aPocket French Dictionary
260 _bW.R. Goyel
_c2005
300 _a638
650 _aDictionary
_92942
942 _cBK
999 _c4255
_d4254